| 000 | 00555nam a2200157Ia 4500 | ||
|---|---|---|---|
| 008 | 240729s9999 xx 000 0 und d | ||
| 022 | _a1848-6339 | ||
| 245 | 0 | _aTehniÄki Vjesnik | |
| 260 | _aCroatia | ||
| 260 | _bFaculty of Mechanical Engineering in Slavonski Brod, Faculty of Electrical Engineering in Osijek, Faculty of Civil Engineering in Osijek | ||
| 650 | _a Engineering (General). Civil engineering (General) | ||
| 650 | _aTechnology | ||
| 856 | _uhttps://doaj.org/toc/07f2686fb979460aaa64f1744b8b50b9 | ||
| 942 | _2ddc | ||
| 942 | _cDOAJEJ | ||
| 999 |
_c66256 _d66256 |
||
| 945 |
_a1 _bMadushi Gamage _c1 _dMadushi Gamage |
||